| 000 | 00888nam a22002297a 4500 | ||
|---|---|---|---|
| 999 |
_c12599 _d12599 |
||
| 003 | AR-CdUCM | ||
| 008 | 190409b ||||| |||| 00| 0 spa d | ||
| 040 |
_aMUNICIPALIDAD PROVINCIAL DEL CUSCO _cBIBLIOTECA MUNICIPAL DEL CUSCO |
||
| 082 |
_a370.81 / _bP46 / 1946 |
||
| 100 |
_aPestalozzi, Johann Heinrich _930515 |
||
| 245 | _aAntología de Pestalozzi / | ||
| 260 |
_aBuenos Aires : _bEdit. Losada, _c1946. |
||
| 300 |
_a107 páginas ; _c18 cm. |
||
| 440 |
_aTextos pedagógicos _930516 |
||
| 505 | _aContenido: Educación general y humana -- Educación general y profesional -- Educación natural, social y humana -- Educación intelectual... | ||
| 650 |
_aEducación general _930517 |
||
| 650 |
_aEducación general _930517 |
||
| 650 |
_aEducación natural _99941 |
||
| 700 |
_aLuzuriaga, Lorenzo (selección y prologo) _930518 |
||
| 942 |
_2ddc _cLIBROS |
||
| 945 |
_adavv _d09/04/2019 |
||